Jerusalem [ within these walls
| Corporate Author: | |
|---|---|
| Format: | Book |
| Published: |
s.l. :
National Geographic Society ,
19-
|
| Subjects: |
MARC
| LEADER | 00000cam a2200000 7i4500 | ||
|---|---|---|---|
| 001 | 0000000103 | ||
| 002 | 000000118 | ||
| 005 | 20080117.0 | ||
| 020 | |a 000000118 | ||
| 090 | 0 | 0 | |a 956.9442 |b JER |
| 245 | 0 | 0 | |a Jerusalem [ |h video recording] : |b within these walls |
| 260 | |a s.l. : |b National Geographic Society , |c 19- | ||
| 300 | |a 1 Video recording VHS (60:00 minutes) : |b col.(PAL) | ||
| 500 | |a Library has 1 copy | ||
| 650 | 0 | 0 | |a Jerusalem |x History |
| 710 | 2 | |a NATIONAL GEOGRAPHIC | |
| 999 | |a PV0027 |b VIDEO |c RUJUKAN |e PERPUSTAKAAN KOMUNITI PETALING JAYA | ||